| 000 | 00523nam a2200169 a 4500 | ||
|---|---|---|---|
| 005 | 20140310183224.0 | ||
| 008 | 050611s19uu xx 00 eng d | ||
| 050 |
_aPS 3562.E353 _b.L477 1982 |
||
| 100 | _aLee, Harper | ||
| 245 |
_aTo kill a mockingbird / _cHarper Lee. |
||
| 260 |
_aCaloocan City, Philippines : _bPhilippine Graphic Arts Inc., _c1982. |
||
| 300 |
_a284 p. : _c18 cm. |
||
| 650 | _aFather and daughter in the literature. | ||
| 650 | _aRace relations in literature. | ||
| 942 |
_cBK _2lcc |
||
| 999 |
_c20375 _d20375 |
||